| 000 | 01978nam0a2200325 4500 | ||
|---|---|---|---|
| 001 | RU\NLR\bibl\1487091 | ||
| 005 | 20260607044526.0 | ||
| 021 |
_aRU _b2010-3345 _9205 |
||
| 035 | _a(NLR Aleph) 001478693 | ||
| 090 |
_a1689642 _c1689642 |
||
| 100 | _a20100319d2009 |||y0rusy50 ca | ||
| 101 | 0 | _arus | |
| 102 | _aRU | ||
| 105 | _aa ||||||||| | ||
| 200 | 1 |
_aХимическая обработка судовых технологических вод _e[учебное пособие] _fС.В. Марков, Н.Л. Троеглазова _gФедер. гос. образоват. учреждение высш. проф. образования, Мор. гос. акад. им. адм. Ф.Ф. Ушакова |
|
| 210 |
_aНовороссийск _cредакционно-издательский отдел ФГОУ ВПО "Морская государственная академия" _d2009 |
||
| 215 |
_a36 с. _cил. _d21 |
||
| 320 | _aБиблиогр.: с. 36 (5 назв.) | ||
| 606 | 1 |
_aСудовые паровые котлы _jУчебные издания для высших учебных заведений _xПитательная вода _xОбработка _xХимические методы _92594775 _3RU\NLR\auth\661533195 |
|
| 606 | 1 |
_aСудовые двигатели внутреннего сгорания _jУчебные издания для высших учебных заведений _xОхлаждающая вода _xОбработка _xХимические методы _92594774 _3RU\NLR\auth\661533194 |
|
| 686 | _aО455.11-082.054я73-1 | ||
| 686 | _aО455.5-082.61я73-1 | ||
| 700 | 1 |
_4070 _7ca _8rus _aМарков _bС. В. _cканд. техн. наук _gСергей Васильевич _96927 _3RU\NLR\auth\7723874 |
|
| 701 | 1 |
_aТроеглазова _bН. Л. _gНина Леонидовна _4070 |
|
| 801 | 0 |
_aRU _bNLR _c20100319 _gRCR |
|
| 801 | 1 |
_aRU _bNLR _c20100319 |
|
| 942 | _cBOOK | ||
| 980 | _aNB | ||
| 980 | _aNBR | ||